UBT Library

Seeds of change : (Record no. 41757)

000 -LEADER
fixed length control field 00776cam a2200253 a 4500
001 - CONTROL NUMBER
control field 1996448
005 - DATE AND TIME OF LATEST TRANSACTION
control field 20180205071757.0
008 - FIXED-LENGTH DATA ELEMENTS--GENERAL INFORMATION
fixed length control field 900822s1991 dcua bc f001 0 eng
010 ## - LIBRARY OF CONGRESS CONTROL NUMBER
LC control number 90010289
020 ## - INTERNATIONAL STANDARD BOOK NUMBER
International Standard Book Number 1560980354 (cloth)
020 ## - INTERNATIONAL STANDARD BOOK NUMBER
International Standard Book Number 1560980362 (paper)
040 ## - CATALOGING SOURCE
Original cataloging agency DLC
Transcribing agency DLC
Modifying agency DLC
-- OCoLC
041 ## - LANGUAGE CODE
Language code of text/sound track or separate title eng
043 ## - GEOGRAPHIC AREA CODE
Geographic area code n------
-- s------
-- e-sp---
080 ## - UNIVERSAL DECIMAL CLASSIFICATION NUMBER
Universal Decimal Classification number 970.01/5 her
082 00 - DEWEY DECIMAL CLASSIFICATION NUMBER
Classification number 970.01/5 her
Edition number 20
100 ## - Rafti
Rafti 16
101 ## - Shkurtesa
Shkurtesa his
245 00 - TITLE STATEMENT
Title Seeds of change :
Statement of responsibility, etc edited by Herman J. Viola and Carolyn Margolis.
504 ## - BIBLIOGRAPHY, ETC. NOTE
Bibliography, etc Includes bibliographical references (p. 264-268) and index.
906 ## - LOCAL DATA ELEMENT F, LDF (RLIN)
a 7
b cbc
c orignew
d 1
e ocip
f 19
g y-gencatlg
942 ## - ADDED ENTRY ELEMENTS (KOHA)
Source of classification or shelving scheme
Item type Books
Holdings
Withdrawn status Lost status Source of classification or shelving scheme Damaged status Not for loan Collection code Permanent location Current location Shelving location Date acquired Total Checkouts Full call number Barcode Date last seen Price effective from Koha item type
          Koleksioni i përgjithshem UBT - Lipjan UBT - Lipjan Koleksioni i përgjithshem 02/05/2018   970.01/5 her 002-2997631 02/05/2018 02/05/2018 Books
UBT Library © 2015-2024. All rights reserved University Education for Business and Technology